000 00344nam a2200133Ia 4500
008 240624s9999 xx 000 0 und d
041 _aeng
082 _a337 STI
100 _aSTIGLITZ JOSEPH
245 _aGLOBALIZATION AND ITS DISCONTENTS
260 _c2003
_aNew Delhi
_bPenguin Books
300 _axxii, : 282 : p. : cm. ; 22
365 _cRS
999 _c14071
_d14071